Normal view
MARC view
- Building Construction
Entry Topical Term
001 - CONTROL NUMBER
- control field: 4686
003 - CONTROL NUMBER IDENTIFIER
- control field: JO-AjAnu
005 - DATE AND TIME OF LATEST TRANSACTION
- control field: 20230606071050.0
008 - FIXED-LENGTH DATA ELEMENTS
- fixed length control field: 230606|| aca||aabn | a|a d
040 ## - CATALOGING SOURCE
- Original cataloging agency: JO-AjAnu
- Transcribing agency: JO-AjAnu
150 ## - HEADING--TOPICAL TERM
- Topical term or geographic name entry element: Building Construction
670 ## - SOURCE DATA FOUND
- Source citation: Work cat.: (JO-AjAnu)2426: Greeno, Roger/Roy chudley , author 4685, Building Construction Hand book